Sports Quiz

Random Sports Quiz

Joueurs utilisés par Deschamps Quiz Stats

 Plays Quiz not verified by Sporcle

Challenge
Share
Tweet
Embed
Score 0/72 Timer 08:00
0 Plays Today
Matches Joueur % Correct
57Lloris
98%
11Mandanda
96.4%
60Giroud
96.2%
32Benzema
95.2%
40Varane
95.1%
49Pogba
94.3%
49Griezmann
94%
58Matuidi
93.1%
46Koscielny
91.1%
14Umtiti
90.6%
20Kanté
89.3%
16Jallet
88.8%
39Evra
88.3%
16Lacazette
88.2%
10Mbappé
87.2%
1Costil
86.8%
11Kurzawa
86.6%
17Martial
85.6%
5Rabiot
83.3%
20Digne
82.7%
5Tolisso
82.1%
2Pavard
82%
9Rami
80.2%
34Payet
80.1%
10Fekir
79.7%
50Sissoko
78.9%
15Coman
78.2%
14Sidibé
78%
2Thauvin
77.2%
4Mendy
76%
2N'Zonzi
72.1%
33Sagna
71.9%
7Dembélé
68.8%
2Ruffier
66.9%
17Ribéry
63.8%
2Ben Arfa
63.3%
Matches Joueur % Correct
40Valbuena
62.4%
20Gignac
62.2%
8Lemar
61.6%
6Nasri
61.2%
32Cabaye
59.3%
23Sakho
57.6%
5Gameiro
56.4%
1Corchia
47.4%
18Debuchy
47%
1Bakayoko
45.3%
8Ménez
43.1%
15Schneiderlin
42.5%
5Clichy
41.1%
6Diarra
40.4%
8Mangala
38.6%
2Gourcuff
34.4%
6Gonalons
34.1%
4Mathieu
30.4%
2Zouma
28.5%
6Gomis
28.5%
4Cabella
27.8%
5Trémoulinas
27.3%
5Kondogbia
25.2%
5Grenier
23.2%
13Rémy
22.8%
1Martin
22.1%
7Mavuba
21.6%
6Abidal
20.7%
1Diaby
18%
7Guilavogui
16.6%
2Réveillère
16.2%
4Yanga-Mbiwa
15.3%
2Ntep
14.7%
7Capoue
14.4%
1Chantôme
11.9%
1Briand
11.4%

You're not logged in!

Compare scores with friends on all Sporcle quizzes.
Join for Free
OR
Log In

You Might Also Like...

Show Comments

Extras

Created Mar 2, 2016ReportNominate
Tags:les

Top Quizzes Today


Score Distribution

Your Account Isn't Verified!

In order to create a playlist on Sporcle, you need to verify the email address you used during registration. Go to your Sporcle Settings to finish the process.

Report this User

Report this user for behavior that violates our Community Guidelines.

Details: